| 000 | 00531nam a22001817a 4500 | ||
|---|---|---|---|
| 003 | CEME | ||
| 005 | 20210628203415.0 | ||
| 008 | 210118b xxu||||| |||| 00| 0 eng d | ||
| 020 | _a0-471-24823-1 | ||
| 040 | _cceme | ||
| 082 | _a543.57 MIL | ||
| 100 |
_aMayo, Dana .W, Hannah, Robert. W, Miller, Foil . A _965253 |
||
| 245 | _aCourse notes on the interpretation of infrared and raman spectra | ||
| 260 |
_aUSA _bWILEY _c2004 |
||
| 300 | _aXXVI,565P | ||
| 650 |
_aINFRARED SPECTRA.RAMAN SPECTROSCOPY _965254 |
||
| 942 |
_cBK _2ddc |
||
| 999 |
_c573524 _d573524 |
||